000 00422nam a22001577a 4500
003 DO-SdBNP
005 20171206091027.0
008 171113b sp||||| |||| 00| 0 spa d
020 _a9788449435379
040 _aBPMSU
_bspa
_cBPMSU
245 _aManual de la maestra de preescolar
260 _aBarcelona :
_bOceano ,
_c2000
300 _a2 v. :
_bil.
_c23 cm
942 _2ddc
_cBK
945 _ainventariado extranjero / DG
999 _c12866
_d12866